Officer.com

Detalles Bibliográficos
Formato: Electrónico Periódico
Lenguaje:inglés
Publicado: Fort Atkinson, Wisconsin : Cygnus Business Media
Materias:
Acceso en línea:Full text available from Research Library: 01/03/2012 to present

MARC

LEADER 00000nas a2200000 i 4500
001 ssj0001076736
003 WaSeSS
005 20200512172242.0
006 m d
007 cr n
008 131228c20uu9999wiud| n|s|||||| |0eng d
035 |a (WaSeSS)ssj0001076736 
040 |a WaSeSS  |b eng  |c WaSeSS  |d WaSeSS 
050 1 4 |a UA10 
245 0 0 |a Officer.com  |h [electronic resource]. 
246 1 |a Officer dot com 
260 |a Fort Atkinson, Wisconsin :  |b Cygnus Business Media 
310 |a Daily 
506 |a License restrictions may limit access. 
588 |a Description based on: January 3, 2012; title from title screen (ProQuest, viewed Dec. 28, 2013). 
588 |a Latest issue consulted: December 19, 2013 (viewed Dec. 28, 2013). 
650 0 |a Armed Forces  |v Newspapers. 
655 0 |a Electronic journals. 
856 4 0 |z Full text available from Research Library: 01/03/2012 to present  |u https://search.proquest.com/publication/2026794